University Home | Library Home | Institutional Repository

A history of libraries in the western world. (Record no. 168866)

MARC details
000 -LEADER
fixed length control field 00834cam7a220025300 4500
001 - CONTROL NUMBER
control field zam00002007
008 - FIXED-LENGTH DATA ELEMENTS--GENERAL INFORMATION
fixed length control field 951128s1965 xx eng u
035 ## - SYSTEM CONTROL NUMBER
System control number (Sirsi) r19387
035 ## - SYSTEM CONTROL NUMBER
System control number (MACHINE)SLC.
100 ## - MAIN ENTRY--PERSONAL NAME
Personal name Johnson, E. D.
Linkage A80252.1
245 12 - TITLE STATEMENT
Title A history of libraries in the western world.
260 ## - PUBLICATION, DISTRIBUTION, ETC.
Date of publication, distribution, etc. 1965.
591 ## -
-- Class code: LS 110.
591 ## -
-- Course: Introduction to librarianship.
591 ## -
-- School: S03.
591 ## -
-- Lecturer: Mr. KALUSOPA, T.
591 ## -
-- Number of Students: 17.
949 ## - LOCAL PROCESSING INFORMATION (OCLC)
a Z721
w lcc
i 33729000112016
m MAIN
p 2500
t BOOK
l ON-SHELF
949 ## - LOCAL PROCESSING INFORMATION (OCLC)
a Z721
w lcc
i 33729001476444
m MAIN
p 2500
t BOOK
l ON-SHELF
949 ## - LOCAL PROCESSING INFORMATION (OCLC)
a Z721
w lcc
i 33729001484406
m MAIN
p 2500
t SHORTLOAN
l SHORTLOAN
900 ## - EQUIVALENCE OR CROSS-REFERENCE-PERSONAL NAME [LOCAL, CANADA]
-- MAIN
Field link and sequence number Z721
-- JOH
Titles and other words associated with a name 3
909 ## -
-- Book

No items available.

© 2026 - The University of Zambia Library - Koha v25.11